| 000 | 00000nam##2200000za#4500 |
| 001 | 9.634176 |
| 003 | CaOODSP |
| 005 | 20210624215655 |
| 007 | cr ||||||||||| |
| 008 | 150407|2007||||xxc|||||o f|0| 0 fre|d |
| 020 | |a978-0-662-09316-9 |
| 040 | |aCaOODSP|bfre |
| 043 | |an-cn--- |
| 086 | 1 |aR2-477/2007F-PDF |
| 110 | 1 |aCanada.|bAffaires indiennes et du Nord. |
| 245 | 10|aÉvaluation environnementale et processus de réglementation aux fins du Projet gazier Mackenzie : |h[ressource électronique]|bsituation et décisions - comment tout cela se passe-t-il? |
| 260 | |aOttawa - Ontario : |bAffaires indiennes et du Nord |c[2007]. |
| 300 | |a2p.|bcarte en couleur, photographies |
| 590 | |a15-02-Supp|b2015-02-16 |
| 691 | 07|aIndustrie gazière|2gcpds |
| 691 | 07|aÉvaluation environnementale|2gcpds |
| 775 | 08|tEnvironmental assessment & regulatory process for the proposed Mackenzie Gas Project : |w(CaOODSP)9.689779 |
| 856 | 40|ahttp://publications.gc.ca|qPDF|s1.00 Mo|uhttps://publications.gc.ca/collections/collection_2014/aadnc-aandc/R2-477-2007-fra.pdf |